Statistics for NBA 2021-2022 20 PPG

Click here to take the quiz!

General Stats

  • This quiz has been taken 1,226 times
    (932 since last reset)
  • The average score is 16 of 27

Answer Stats

Answer% Correct
Joel Embiid
96%
Stephen Curry
92%
Nikola Jokić
90%
Giannis Antetokounmpo
87%
Luka Dončić
85%
James Harden
84%
Jayson Tatum
77%
Devin Booker
76%
Trae Young
73%
Jaylen Brown
69%
DeMar DeRozan
65%
Donovan Mitchell
65%
Zach LaVine
60%
Karl-Anthony Towns
59%
Dejounte Murray
56%
LaMelo Ball
52%
De'Aaron Fox
51%
Anthony Edwards
50%
Khris Middleton
47%
Pascal Siakam
45%
Julius Randle
44%
Darius Garland
43%
CJ McCollum
41%
Fred VanVleet
38%
Tyler Herro
30%
Miles Bridges
26%
RJ Barrett
23%

Score Distribution

Percentile by Number Answered

Percent of People with Each Score

Your Score History

You have not taken this quiz since the last reset